|
|
|
|
| LEADER |
00914nam a2200217 a 4500 |
| 001 |
5944946 |
| 008 |
090719s1961 enk 000 0ceng d |
| 999 |
|
|
|c 2687
|d 2687
|
| 010 |
|
|
|a 32022578
|
| 040 |
|
|
|a DLC
|c CarP
|d DLC
|
| 082 |
0 |
0 |
|a 821.4
|2 16
|
| 100 |
1 |
|
|a Tillyard, E. M. W.
|q (Eustace Mandeville Wetenhall),
|d 1889-1962.
|9 28315
|
| 245 |
0 |
0 |
|a Milton /
|c E. M. W. Tillyard
|
| 260 |
|
|
|a London,
|b H. Milford, Oxford university press;
|b Chatto and windus,
|c 1961.
|
| 300 |
|
|
|a 396 pages ;
|c 21 cm.
|
| 541 |
1 |
|
|e 00010099
|
| 600 |
1 |
0 |
|a Milton, John,
|d 1608-1674.
|t Allegro.
|9 28316
|
| 600 |
1 |
0 |
|a Milton, John,
|d 1608-1674.
|t Penseroso.
|9 28317
|
| 852 |
4 |
|
|a Ayesha Abed Library
|j General Shelf.
|
| 942 |
|
|
|2 ddc
|c BK
|
| 952 |
|
|
|0 0
|1 0
|2 ddc
|4 1
|6 821_000000000000000__4_TIM_1961
|7 0
|9 2468
|a BRACUL
|b BRACUL
|c SPS
|d 2009-07-22
|g 0.00
|l 4
|m 9
|o 821.4 TIM
|p 3010010099
|r 2018-04-10
|s 2018-01-30
|t 1
|w 2009-07-22
|y BK
|x No price found in the accession register.
|